[Event "DSOL 04 Liga Gr-C 1st"]
[Site "Playchess.com INT"]
[Date "2020.07.16"]
[Round "4.1"]
[White "Von Zimmermann, Georg"]
[Black "Westerhaus, Jonas"]
[Result "1-0"]
[WhiteElo "2079"]
[BlackElo "1931"]
[PlyCount "51"]
[EventDate "2020.06.22"]
[EventType "team-tourn (rapid)"]
[EventCountry "GER"]
[SourceTitle "EXT 2021"]
[Source "ChessBase"]
[SourceDate "2020.10.23"]
[SourceVersion "1"]
[SourceVersionDate "2020.10.23"]
[SourceQuality "1"]
[WhiteTeam "Gerolzhofen"]
[BlackTeam "Segeberg SF"]
[WhiteTeamCountry "GER"]
[BlackTeamCountry "GER"]

1. e4 c6 2. d4 g6 3. f4 d5 4. Nc3 Bg7 5. Nf3 dxe4 6. Nxe4 Bf5 7. Nf2 Nf6 8. Bc4 0-0 9. Qe2 Qc7 10. Ne5 Nd5 11. g4 Be6 12. h4 b5 13. Bb3 a5 14. c3 a4 15. Bc2 Nf6 16. h5 Bd5 17. Rh3 c5 18. hxg6 hxg6 19. g5 Nfd7 20. Nfg4 Nxe5 21. fxe5 cxd4 22. cxd4 Nd7 23. Qh2 f5 24. Nh6+ Bxh6 25. Rxh6 Kf7 26. e6+ 1-0

[Event "Kiel Cup U20"]
[Site "Kiel"]
[Date "2012.10.06"]
[Round "6"]
[White "Henschen, Patrick"]
[Black "Westerhaus, Jonas"]
[Result "1/2-1/2"]
[WhiteElo "1759"]
[BlackElo "1759"]
[PlyCount "43"]
[EventDate "2012.10.??"]
[EventType "swiss"]
[EventRounds "7"]
[EventCountry "GER"]
[SourceTitle "EXT 2015"]
[Source "ChessBase"]
[SourceDate "2014.11.20"]
[SourceVersion "1"]
[SourceVersionDate "2014.11.20"]
[SourceQuality "1"]

1. e3 Nf6 2. Nf3 g6 3. c4 d6 4. Nc3 Bg7 5. d4 0-0 6. Be2 c5 7. 0-0 a6 8. b3 Qc7 9. Bb2 Nc6 10. d5 Nb8 11. e4 Bg4 12. Ne1 Bxe2 13. Qxe2 Nbd7 14. Nd3 Nh5 15. f4 Rab8 16. a4 e6 17. g4 Bd4+ 18. Kh1 Ng7 19. f5 exf5 20. gxf5 Rbe8 21. Qg2 Nh5 22. fxg6 1/2-1/2

[Event "Kiel Cup U20"]
[Site "Kiel"]
[Date "2012.10.04"]
[Round "1"]
[White "Westerhaus, Jonas"]
[Black "Tiedemann, Fin Niklas"]
[Result "1-0"]
[WhiteElo "1759"]
[BlackElo "1552"]
[PlyCount "49"]
[EventDate "2012.10.??"]
[EventType "swiss"]
[EventRounds "7"]
[EventCountry "GER"]
[SourceTitle "EXT 2015"]
[Source "ChessBase"]
[SourceDate "2014.11.20"]
[SourceVersion "1"]
[SourceVersionDate "2014.11.20"]
[SourceQuality "1"]

1. d4 Nf6 2. c4 e6 3. Nc3 Bb4 4. Qc2 0-0 5. Nf3 d5 6. e3 Ne4 7. Bd3 f5 8. 0-0 Bxc3 9. bxc3 c6 10. cxd5 exd5 11. a4 g5 12. Ba3 Rf6 13. c4 g4 14. Ne5 Ng5 15. Rac1 Be6 16. cxd5 Bxd5 17. Bxf5 Nh3+ 18. Kh1 Rh6 19. Nxg4 Bxg2+ 20. Kxg2 Rh4 21. Qc4+ Kg7 22. Qe6 c5 23. d5 Ng5 24. Bb2+ Kf8 25. Qf6+ 1-0

[Event "Schleswig Holstein-ch U16 Vormeister"]
[Site "Neumuenster"]
[Date "2011.04.30"]
[Round "8.4"]
[White "Westerhaus, Jonas"]
[Black "Slepica, Bennet"]
[Result "1-0"]
[WhiteElo "1503"]
[BlackElo "1456"]
[PlyCount "75"]
[EventDate "2011.04.25"]
[EventType "swiss"]
[EventRounds "9"]
[EventCountry "GER"]
[SourceTitle "EXT 2022"]
[Source "ChessBase"]
[SourceDate "2021.10.06"]
[SourceVersion "1"]
[SourceVersionDate "2021.10.06"]
[SourceQuality "1"]

1. d4 Nf6 2. c4 e6 3. Nc3 Bb4 4. Qc2 c5 5. e3 Nc6 6. Nf3 0-0 7. Be2 d5 8. a3 cxd4 9. exd4 Ba5 10. b4 Bc7 11. c5 Ne7 12. 0-0 Ng6 13. Bd2 Bf4 14. Bd3 Bxd2 15. Qxd2 Bd7 16. Rab1 a6 17. a4 Qc7 18. Rfc1 e5 19. Bxg6 exd4 20. Bxh7+ Kxh7 21. Qxd4 Be6 22. Re1 Kg8 23. Re2 Rad8 24. Rbe1 Bg4 25. Re7 Qc8 26. R7e5 Bxf3 27. gxf3 Qd7 28. Kg2 Rfe8 29. Rxe8+ Nxe8 30. Qxd5 Nf6 31. Qxd7 Rxd7 32. Ne4 Nxe4 33. Rxe4 g6 34. Kg3 Kg7 35. b5 axb5 36. axb5 Rc7 37. Rc4 f5 38. c6 1-0

[Event "Schleswig Holstein-ch U16 Vormeister"]
[Site "Neumuenster"]
[Date "2011.04.26"]
[Round "2.1"]
[White "Westerhaus, Jonas"]
[Black "Heinrich, Sebastian"]
[Result "1/2-1/2"]
[WhiteElo "1503"]
[BlackElo "1179"]
[PlyCount "84"]
[EventDate "2011.04.25"]
[EventType "swiss"]
[EventRounds "9"]
[EventCountry "GER"]
[SourceTitle "EXT 2022"]
[Source "ChessBase"]
[SourceDate "2021.10.06"]
[SourceVersion "1"]
[SourceVersionDate "2021.10.06"]
[SourceQuality "1"]

1. d4 d5 2. c4 Nf6 3. cxd5 Nxd5 4. e4 Nf6 5. Nc3 e6 6. a3 a6 7. Nf3 g6 8. Bc4 b5 9. Ba2 Bb7 10. e5 Nd5 11. 0-0 Bg7 12. Bg5 Qd7 13. Rc1 0-0 14. Nxd5 Bxd5 15. Bxd5 exd5 16. Qd2 c6 17. Rfe1 Qe6 18. Bh6 f6 19. Bxg7 Kxg7 20. Qe3 Ra7 21. exf6+ Qxf6 22. Ne5 Re7 23. Qg3 Rfe8 24. f4 Qf5 25. Rf1 Re6 26. h4 Qe4 27. Qf2 Rf8 28. Qd2 Qf5 29. Qe2 Rff6 30. g4 Qe4 31. Qxe4 dxe4 32. Rce1 h5 33. g5 Rf5 34. Rxe4 Nd7 35. Ree1 Rd6 36. Nxd7 Rxd7 37. Re4 a5 38. b4 axb4 39. axb4 Rfd5 40. Rd1 c5 41. bxc5 Rxc5 42. Kf2 Rc4 1/2-1/2

[Event "Schleswig Holstein-ch U16 Vormeister"]
[Site "Neumuenster"]
[Date "2010.04.11"]
[Round "9"]
[White "Funk, Moritz"]
[Black "Westerhaus, Jonas"]
[Result "1/2-1/2"]
[WhiteElo "1561"]
[BlackElo "1210"]
[PlyCount "29"]
[EventDate "2010.04.05"]
[EventType "swiss"]
[EventRounds "9"]
[EventCountry "GER"]
[SourceTitle "EXT 2023"]
[Source "ChessBase"]
[SourceDate "2022.10.05"]
[SourceVersion "1"]
[SourceVersionDate "2022.10.05"]
[SourceQuality "1"]

1. e4 c5 2. Nc3 Nc6 3. f4 e6 4. Bc4 Nge7 5. Nf3 g6 6. 0-0 Bg7 7. Qe1 0-0 8. f5 exf5 9. Bb3 fxe4 10. Nxe4 d6 11. Nfg5 Ne5 12. d3 h6 13. Nf3 Nf5 14. Bf4 Nxf3+ 15. Rxf3 1/2-1/2